01301nas a2200373 4500001001300000003000900013005001700022007000300039008003400042040005400076041000900130072000800139100001600147100001700163100002400180100001800204100002100222100002700243100001800270100002000288100001400308245010400322650001000426650001300436650001600449650002300465650001200488773012500500856006800625909004000693942001800733999001900751952015700770BR2016001735BR-BrBNA20231205130315.0ta230509b bl.|||p| |||| 00| 00por d aBR-BrBNAbporcBiblioteca Nacional de Agricultura a(En) aL701 aViana, L.A.1 aMecchi, K.C.1 aNascimento, L.F. do1 aHerrera, H.M.1 aSanta-Rita, P.H.1 aMiglionico, M.T. de S.1 aEsteves, R.G.1 aGimenez, A.R.M.1 aPaiva, F.1 aCaryospora bigenetica (Apicomplexa: Eimeriidae)in South America: new hosts and distribution records aCOBRA aCOCCIDEO aPROTOZOARIO aPARASITO DE ANIMAL aANALISE0 tBrazilian Journal of Veterinary Parasitology (Brazil)xISSN 1984-2961g(Jan-Mar 2015), v. 24(1) p. 101-104wBR201600173540uhttp://www.scielo.br/pdf/rbpv/v24n1/1984-2961-rbpv-24-1-101.pdf a202311bLúciac55dLúcia Elande 2AGRISn0cANA c248766d248766 002AGRIS4071a41918b41918cPeriódicos Agrícolash(Jan-Mar 2015), v. 24(1) p. 101-104l0r2023-11-29t01yCRePortaria Interministerial nº 164/94